Villes de France en 7 lettres - Carte Quiz - Statistiques

Statistiques générales
  • Ce quiz a été pris 860 fois
    859 depuis la dernière actualisation
  • Le résultat moyen est 15 sur 20
Réponses sur la Carte
Les réponses sont colorées sur une échelle allant du rouge au vert en fonction du pourcentage des utilisateurs qui les ont devinées à leur premier essai. Vous pouvez retrouver ces pourcentages ci-dessous.
 
Statistiques - réponses
Réponse % Correct
Ajaccio
97%
Le Havre
90%
Bayonne
88%
Quimper
84%
Avignon
82%
Béziers
81%
Roubaix
81%
Limoges
80%
Lourdes
80%
Orléans
79%
Valence
79%
Belfort
76%
Bourges
68%
Forbach
65%
Alençon
62%
Saintes
60%
Amboise
53%
Chelles
51%
Étampes
51%
Clisson
49%
Aucun quiz correspondant
Distribution des résultats
% des personnes avec chaque résultat
Percentile par nombre de réponses
Votre historique - résultats
Vous n’avez pas pris ce quiz depuis la dernière actualisation